| 000 -LEADER |
| fixed length control field |
00745nam a22002297a 4500 |
| 008 - FIXED-LENGTH DATA ELEMENTS--GENERAL INFORMATION |
| fixed length control field |
150617b xxu||||| |||| 00| 0 eng d |
| 020 ## - INTERNATIONAL STANDARD BOOK NUMBER |
| International Standard Book Number |
9789814518635 |
| 041 0# - LANGUAGE CODE |
| Language code of text/sound track or separate title |
eng |
| 080 ## - UNIVERSAL DECIMAL CLASSIFICATION NUMBER |
| Universal Decimal Classification number |
658 |
| 100 1# - Rafti |
| Rafti |
Schniederjans, Marc J. |
| 245 10 - TITLE STATEMENT |
| Title |
E-commerce operations management / |
| Statement of responsibility, etc |
Marc J. Schniederjans, University of Nebraska-Lincoln, USA, Qing Cao, Texas Tech University, USA, Jason H. Triche, Texas Tech University, USA. |
| 250 ## - |
| -- |
2nd edition. |
| 260 ## - |
| -- |
USA: |
| -- |
World Scientific; |
| -- |
2014. |
| 300 ## - |
| -- |
345 f.: |
| -- |
me il.; |
| -- |
26 cm. |
| 500 ## - |
| -- |
Preface: f.vii-viii |
| 505 ## - |
| -- |
Index: f.337-345 |
| 650 #0 - |
| -- |
Tregëtia elektronike |
| 650 #0 - |
| -- |
Organizimi |
| 700 1# - |
| -- |
Cao, Qing. |
| 700 1# - |
| -- |
Triche, Jason H. |
| 942 ## - ADDED ENTRY ELEMENTS (KOHA) |
| Source of classification or shelving scheme |
|
| Item type |
Books |